000 00431nam a2200145 4500
001 127777
003 ES-MaACL
005 20230906193101.0
007 t|
008 070214s1911 ag r ||||1| spa d
100 1 _aRivarola, Rodolfo.
_997546
245 1 3 _aLa condena condicional /
_cRodolfo Rivarola.
260 _aBuenos Aires :
_b[s. n.],
_c1911 (
_fTall. GrĂ¡f. de la PenitenciarĂ­a Nacional)
852 _aES-MaACL
_jT-1239-F-16
999 _c127777
_d127777